000 00718nam a2200217 a 4500
001 000042295
005 20201002040048.0
008 131122s1971 sp 000 0 spa d
040 _aDO-SdBNP
_bspa
_cBNPHU
082 _axxx
_bB468a
100 1 _aBenjamin, Walter,
_d1892-1940
_99078
240 1 0 _aSchriften
_lspa
245 1 0 _aAngelus novus /
_cWalter Benjamin ; traducción de H. A. Murena, prólogo de Ignacio de Solá-Morales.
260 _aBarcelona :
_bEdhasa,
_c1971.
300 _a217 p. ;
_c22 cm.
490 1 _aLa gaya ciencia
_v1
504 _aBibliografía : p. 211-217
700 1 2 _aMurena, H. A.
_etr.
_98619
700 1 2 _aSolá-Morales, Ignacio de
_epról.
_969344
830 0 _aLa gaya ciencia
_n1
_969345
999 _c41784
_d41784